000 01105nam0a2200313 4500
001 RU\NLR\bibl\1680866
005 20250616051351.0
010 _a978-5-7475-0022-8
_980000
021 _aRU
_b2010-2688и
_9268и
035 _a(NLR Aleph) 001672071
090 _a1047806
_c1047806
100 _a20101001d2010 |||y0rusy50 ca
101 0 _arus
102 _aRU
105 _aa |||||||||
200 1 _aАнри Матисс. 1869-1954
_e[жизнь и творчество
_fавт. текста: Д. Перова]
210 _aМосква
_cДирект-Медиа
_d2010
215 _a48 с.
_cцв. ил., портр.
_d31
225 1 _aВеликие художники
_vТ. 45
300 _aБиблиогр. в примеч.: с. 48 (1 назв.)
600 1 _aМатисс
_bА.
_f1869 - 1954
_gАнри
_9999017
_3RU\NLR\auth\66378554
686 _aЩ143(4Фр)6-8Матисс
700 1 _aПерова
_bД.
_4070
702 1 _aМатисс
_bА.
_f1869-1954
_gАнри
_4570
801 0 _aRU
_bNLR
_c20101001
_gRCR
801 1 _aRU
_bNLR
_c20101001
942 _cBOOK
980 _aNB